[Event "GER-chT U14"]
[Site "Magdeburg"]
[Date "2010.12.28"]
[Round "4.2"]
[White "Deutsch, Julius"]
[Black "Beck, Oliver"]
[Result "0-1"]
[WhiteElo "1293"]
[BlackElo "1326"]
[PlyCount "68"]
[EventDate "2010.12.27"]
[EventType "team-swiss"]
[EventRounds "7"]
[EventCountry "GER"]
[SourceTitle "CBM 140 Extra"]
[Source "ChessBase"]
[SourceDate "2011.03.01"]
[SourceVersion "1"]
[SourceVersionDate "2011.03.01"]
[SourceQuality "1"]
[WhiteTeam "Ulm"]
[BlackTeam "Brackweda"]
[WhiteTeamCountry "GER"]
[BlackTeamCountry "GER"]

1. d4 d5 2. c4 e6 3. Nc3 Nf6 4. Bg5 Nbd7 5. e3 Be7 6. Bd3 0-0 7. Qc2 b6 8. Nf3 Bb7 9. 0-0-0 Rc8 10. Kb1 c5 11. dxc5 bxc5 12. cxd5 exd5 13. Bf5 Ra8 14. e4 d4 15. Ne2 g6 16. e5 gxf5 17. exf6 Nxf6 18. Bxf6 Be4 19. Rd3 Bxd3 20. Qxd3 Bxf6 21. Qxf5 Qb6 22. Ng5 Bxg5 23. Qxg5+ Qg6+ 24. Qxg6+ hxg6 25. h4 Rfe8 26. Nf4 Re4 27. g3 Rd8 28. Kc2 c4 29. h5 g5 30. Ng2 Re2+ 31. Kd1 Rxf2 32. Ne1 Rxb2 33. h6 Kh7 34. Nf3 Rb1+ 0-1

[Event "GER-chT U14"]
[Site "Magdeburg"]
[Date "2010.12.27"]
[Round "1.2"]
[White "Beck, Oliver"]
[Black "Bingert, Tim Niklas"]
[Result "0-1"]
[WhiteElo "1326"]
[BlackElo "1654"]
[PlyCount "22"]
[EventDate "2010.12.27"]
[EventType "team-swiss"]
[EventRounds "7"]
[EventCountry "GER"]
[SourceTitle "CBM 140 Extra"]
[Source "ChessBase"]
[SourceDate "2011.03.01"]
[SourceVersion "1"]
[SourceVersionDate "2011.03.01"]
[SourceQuality "1"]
[WhiteTeam "Brackweda"]
[BlackTeam "Langen"]
[WhiteTeamCountry "GER"]
[BlackTeamCountry "GER"]

1. e4 c5 2. Nf3 Nc6 3. d4 cxd4 4. Nxd4 g6 5. Nc3 Bg7 6. Be3 Nf6 7. Bc4 0-0 8. f3 Qb6 9. Qd3 Ne5 10. Qe2 Qxb2 11. Rb1 Qxc3+ 0-1